| 000 | 00448cam a2200169ua 4500 | ||
|---|---|---|---|
| 020 | _c3.00 | ||
| 041 |
_amal _h |
||
| 082 |
_a928.94812 _bKUN/NA |
||
| 100 | _aKunjukrishnan, Pallipattu . | ||
| 245 |
_aNammude sahithyakaranmar, Part 9 / _cPallipattu Kunjukrishnan. _hTextual Documents |
||
| 260 |
_aCheppad : _bE K Raghurama Chandran , _c1961. |
||
| 300 | _a225 ; . | ||
| 365 | _a3.00 | ||
| 504 | _a | ||
| 942 | _cBK | ||
| 999 |
_c4808 _d4808 |
||